000 00429nam a22001577a 4500
008 260304b |||||||| |||| 00| 0 eng d
020 _a978-93-5097-875-7
041 _2English
100 _aDR. VASANT DESAI
110 _aDR. KULVEEN KAUR
245 _aENTREPRENEURSHIP DEVELOMENT & MANAGEMENT
250 _a2023
260 _aHIMALAYA PUBLISHING HOUSE PVT. LTD
_bBEST BOOKS
_cMUMBAI
300 _aLMKCOHK
942 _cBK
999 _c1216855
_d1216855